guess the laufey song by a line - Statistics

General Stats
  • This quiz has been taken 108 times
  • The average score is 11 of 21
Answer Stats
Hint Answer % Correct
Since we're spilling secrets, does your mother even know? Tough Luck
81%
So I didn't call you for sixteen long days Promise
73%
She's everything I am but my wrongs are turned to rights Snow White
70%
A word from her lips, her sirens kiss will send you straight into abyss Magnolia
65%
And in July a lemonade to cool you in some leafy glade I Wish You Love
62%
He said "Do you like museums? They're open late tonight; how about we go together, just you and I?" James
59%
It's like a game of Monopoly except I steal back all my property and leave you on the ground Street By Street
59%
Getting twisted in my head, dreams are nightmares in my bed Lovesick
58%
Street sounds blistered with neon lights, heard the neighbors snoring every other night Above The Chinese Restaurant
57%
And nothing brings me fear like meeting with my destiny Clockwork
57%
Take down the posters of the pop stars on the wall Night Light
55%
I made cookies for Nicky like you used to do but I got so damn sad that I ate one or two or them all Ain't Christmas
50%
Then I walked away, you asked me to stay A Night To Remember
49%
Hold on for all I bring with me Carousel
46%
My sister said, "Don't be a baby, someday you'll have something real to lose" Trouble
41%
Cooking my own dinner, spaghetti for one Slow Down
38%
But this is wine; It's all too strange and strong I've Never Been In Love Before
35%
I struggled through the winter, found cheat codes to your soul A Cautionary Tale
32%
It's absurd what even occurred between autumn and spring Just Like Chet
32%
Walk my way and a thousand violins begin to play Misty
31%
Ran into you on the corner of 90th Central Park West Serendipity
31%
No matching quizzes found
Score Distribution
Percent of People with Each Score
Percentile by Number Answered
Your Score History
You have not taken this quiz